000 00740nam a2200289Ia 4500
005 20260324115237.0
008 008 260324s9999 xx 000 0 eng d
020 _a9780429272851
037 _aEBOOK
040 _aCRL
040 _beng
040 _cCRL
041 _2eng
041 _aeng
084 _qCRL
100 _aNicolas Valcik; Denis Dean
_91153917
245 0 _aGeospatial Information System Use in Public Organizations
245 0 _bHow and Why GIS Should be Used in the Public Sector
260 _bTaylor and Francis
260 _c2019
365 _a
365 _b230
856 _uhttp://www.taylorfrancis.com/books/9780429272851
942 _cEBOOK
999 _c1744649
_d1744649